| 000 | 00605nam a22002177a 4500 | ||
|---|---|---|---|
| 999 |
_c6466 _d6466 |
||
| 003 | OSt | ||
| 005 | 20200123103930.0 | ||
| 008 | 200123b ||||| |||| 00| 0 eng d | ||
| 020 | _a9780618475117 | ||
| 020 | _a0618475117 | ||
| 040 | _cDDC | ||
| 082 | _a150NEV 2007. | ||
| 100 |
_aNevid, S.Jeffrey; _913301 |
||
| 245 | _aPsychology Concepts and Applications. | ||
| 250 | _a2nd ed. | ||
| 260 |
_aBoston, _bHoughton Mifflin company, _c2007. |
||
| 300 |
_axxix,655p; _bcol,ill; _c27cm. |
||
| 504 | _aincludes appendix, credits ,references and index. | ||
| 650 |
_aPsychology. _931 |
||
| 942 |
_2ddc _cO_SHELF |
||